Informatics for health professionals / (Record no. 81823)
[ view plain ]
| 000 -LEADER | |
|---|---|
| fixed length control field | 00840nam a22002417a 4500 |
| 003 - CONTROL NUMBER IDENTIFIER | |
| control field | URS |
| 005 - DATE AND TIME OF LATEST TRANSACTION | |
| control field | 20250109192751.0 |
| 008 - FIXED-LENGTH DATA ELEMENTS--GENERAL INFORMATION | |
| fixed length control field | 250109b |||||||| |||| 00| 0 eng d |
| 040 ## - CATALOGING SOURCE | |
| Language of cataloging | English |
| Transcribing agency | URS |
| Description conventions | rda |
| 050 ## - LIBRARY OF CONGRESS CALL NUMBER | |
| Classification number | R858 |
| Item number | .M395 2017 |
| 100 ## - MAIN ENTRY--PERSONAL NAME | |
| Personal name | Mastrian, Kathleen Garver, |
| Relator term | author. |
| 9 (RLIN) | 6140 |
| 245 ## - TITLE STATEMENT | |
| Title | Informatics for health professionals / |
| Statement of responsibility, etc | Kathleen Garver Mastrian. |
| 260 ## - PUBLICATION, DISTRIBUTION, ETC. (IMPRINT) | |
| Place of publication, distribution, etc | Burlington, MA : |
| Name of publisher, distributor, etc | MA : Jones & Bartlett Learning, |
| Date of publication, distribution, etc | ©2017. |
| 300 ## - PHYSICAL DESCRIPTION | |
| Extent | xxv, 454 pages : |
| Other physical details | illustrations (some color) ; |
| Dimensions | 23 cm. |
| 336 ## - CONTENT TYPE | |
| Content type term | text |
| Content type code | txt |
| Source | rdacontent |
| 337 ## - MEDIA TYPE | |
| Media type term | unmediated |
| Media type code | n |
| Source | rdamedia |
| 338 ## - CARRIER TYPE | |
| Carrier type term | volume |
| Carrier type code | nc |
| Source | rdacarrier |
| 504 ## - BIBLIOGRAPHY, ETC. NOTE | |
| Bibliography, etc | Includes bibliographical references and index. |
| 650 #0 - SUBJECT ADDED ENTRY--TOPICAL TERM | |
| Topical term or geographic name as entry element | Medical informatics. |
| 9 (RLIN) | 6138 |
| 650 #0 - SUBJECT ADDED ENTRY--TOPICAL TERM | |
| Topical term or geographic name as entry element | Information science. |
| 9 (RLIN) | 6139 |
| 650 #0 - SUBJECT ADDED ENTRY--TOPICAL TERM | |
| Topical term or geographic name as entry element | Medical informatics. |
| 9 (RLIN) | 6138 |
| 942 ## - ADDED ENTRY ELEMENTS (KOHA) | |
| Source of classification or shelving scheme | Library of Congress Classification |
| Koha item type | Reserved Books |
| Withdrawn status | Lost status | Source of classification or shelving scheme | Damaged status | Not for loan | Collection code | Home library | Current library | Shelving location | Date acquired | Total Checkouts | Total Renewals | Full call number | Barcode | Date last seen | Date checked out | Copy number | Koha item type |
|---|---|---|---|---|---|---|---|---|---|---|---|---|---|---|---|---|---|
| Library of Congress Classification | Non-fiction | Taytay College Library | Taytay College Library | Reserve Section | 01/19/2022 | 1 | 14 | R858 .M395 2017 | URSTAY-4100 | 05/08/2025 | 01/09/2025 | 1 | Reserved Books |